000 00587nam a2200217 a 4500
999 _c10521
_d10521
001 10521
003 BD-JhCC
005 20180430190354.0
008 180430s1964 nbu |||| |||| 000 0 eng d
035 _a(BD-JhCC)10521
040 _aBD-JhCC
_dBD-JhCC
041 _aeng
082 _a851.1
_bLYN 1964
100 _aLynn, Robert H
245 _aThe Divine comedy, v.II :
_bPurgatorio; notes /
_cRobert H Lynn,
260 _aUSA :
_bCliff's notes,
_c1964
300 _a95 p. :
_c21 cm.
504 _aIncludes bibliography
650 _aPurgatorio (Dante Alighieri)
942 _2ddc
_cBK